000 00360nam a2200133Ia 4500
008 240624s9999 xx 000 0 und d
041 _aeng
082 _a658.403 WEI
100 _aWEISS ANTONIO E
245 _aKEY BUSINESS SOLUTIONS ESSENTIAL PROBLEM
260 _c2011
_aLondon
_bFT Prentice Hall
300 _axviii, : 201 : p. : cm. ; 23
365 _cRS
_b26
999 _c20644
_d20644